Posesion
Gardado en:
| Autor Principal: | |
|---|---|
| Formato: | Libro |
| Idioma: | Undetermined |
| Publicado: |
Barcelona, España
Editorial Planeta
1989
|
| Materias: | |
| Etiquetas: |
Engadir etiqueta
Sen Etiquetas, Sexa o primeiro en etiquetar este rexistro!
|
MARC
| LEADER | 00000nam a2200000Ia 4500 | ||
|---|---|---|---|
| 008 | 170316s9999 xx 000 0 und d | ||
| 040 | |a cru BVZT | ||
| 090 | |a 820 J-1p | ||
| 100 | |a James, Peter | ||
| 245 | |a Posesion | ||
| 260 | |a Barcelona, España | ||
| 260 | |b Editorial Planeta | ||
| 260 | |c 1989 | ||
| 300 | |a 339 páginas | ||
| 650 | |a LITERATURA INGLESA | ||
| 999 | |c 6960 |d 6960 | ||
| 942 | |c 15 D |h 820 J-1p |2 z | ||
